[Event "Moscow"]
[Site "Moscow"]
[Date "1982.??.??"]
[Round "?"]
[White "Tseitlin, Mikhail S"]
[Black "Vaganian, Rafael A"]
[Result "0-1"]
[WhiteElo "2490"]
[BlackElo "2550"]

1.e4 e6 2.d4 d5 3.Nd2 c5 4.exd5 exd5 5.Bb5+ Bd7 6.Qe2+ Be7 7.dxc5 Nf6 8.Ngf3 O-O
9.O-O Re8 10.Nb3 Bxc5 11.Qd3 Bb6 12.Bxd7 Qxd7 13.Bg5 Ne4 14.Rad1 Nc6 15.Qxd5 Qxd5
16.Rxd5 Nb4 17.Rd7 Nxc2 18.Rxb7 f6 19.Bd2 Rab8 20.Rxb8 Rxb8 21.Rc1 Nb4 22.Be1 Nxf2
23.Bxf2 Bxf2+ 24.Kxf2 Nd3+ 25.Ke2 Nxc1+ 26.Nxc1 Rxb2+ 27.Nd2 Rc2 28.Kd1 Rb2
29.Ke2 h5 30.Kd3 h4 31.Kc3 Rb5 32.Nd3 Ra5 33.Kb3 Rg5 34.Ne1 h3 35.gxh3 Rh5
36.Nf1 Rxh3+ 37.Kb4 Rh4+ 38.Kc3 Ra4 39.Kb3 Rf4 40.Ng3 Rf2 41.h4 Rf4 42.h5 Rh4
43.Nf5 Rxh5 44.Ne7+ Kf7 45.Nc6 a6 46.Nb4 a5 47.Nbd3 Rf5 48.Kc4 g5 49.a4 Kg6
50.Kd4 Rf1 51.Ke3 Rh1 52.Nf3 Ra1 53.Nc5 Ra3+ 54.Ke2 g4 55.Nd4 f5 56.Ndb3 f4
57.Nxa5 f3+ 58.Kf1 Ra1+ 59.Kf2 Ra2+ 60.Kf1 g3 61.Nab3 Rh2  0-1

[Event "URS-ch sf"]
[Site "Yaroslav"]
[Date "1982.??.??"]
[Round "?"]
[White "Chekhov, Valery A"]
[Black "Vaganian, Rafael A"]
[Result "1/2-1/2"]
[WhiteElo "2460"]
[BlackElo "2550"]

1.d4 d5 2.c4 c6 3.cxd5 cxd5 4.Nc3 Nf6 5.Nf3 Nc6 6.Bf4 Bf5 7.e3 e6 8.Bd3 Bxd3
9.Qxd3 Bd6 10.Bxd6 Qxd6 11.O-O O-O 12.Rfc1 Rfc8 13.Ne2 Ne7 14.Rxc8+ Rxc8
15.Rc1 Rxc1+ 16.Nxc1 Nd7 17.Qc3 Qc6 18.Qxc6 Nxc6 19.Nd3 f6  1/2-1/2

[Event "URS-ch sf"]
[Site "Yaroslav"]
[Date "1982.??.??"]
[Round "?"]
[White "Bagirov, Vladimir"]
[Black "Vaganian, Rafael A"]
[Result "1/2-1/2"]
[WhiteElo "2495"]
[BlackElo "2550"]

1.d4 e6 2.c4 d5 3.Nc3 Be7 4.cxd5 exd5 5.Bf4 c6 6.e3 Bf5 7.Bd3 Bxd3 8.Qxd3 Nf6
9.Nf3 O-O 10.h3 Bd6 11.Bxd6 Qxd6 12.O-O Nbd7 13.Rab1 a5 14.Qc2 Rfe8 15.a3 Ne4
16.Nxe4 dxe4 17.Nd2 Qd5 18.Rfc1  1/2-1/2

[Event "Yerevan zt"]
[Site "Yerevan"]
[Date "1982.??.??"]
[Round "3"]
[White "Agzamov, Georgy"]
[Black "Vaganian, Rafael A"]
[Result "0-1"]
[WhiteElo "2485"]
[BlackElo "2550"]

1.d4 Nf6 2.c4 c5 3.d5 b5 4.cxb5 a6 5.e3 g6 6.Nc3 Bg7 7.Nf3 O-O 8.a4 e6 9.e4 Bb7
10.Rb1 exd5 11.exd5 axb5 12.axb5 d6 13.Bc4 Re8+ 14.Kf1 Nbd7 15.h3 Nb6 16.b3 Ra7
17.Bb2 Qa8 18.Kg1 Nfxd5 19.Nxd5 Nxd5 20.Bxg7 Kxg7 21.Qd2 Ra2 22.Rb2 Rxb2
23.Qxb2+ Nf6 24.Be2 Qb8 25.Kh2 d5+ 26.g3 d4 27.Rc1 Ne4 28.Bf1 Re6 29.Bg2 Rf6
30.b4 Nc3 31.bxc5 Bxf3 32.Bf1 Bc6 33.b6 Qe5 34.Bg2 Bxg2 35.Kxg2 Qe4+ 36.Kh2 Ne2
37.Rf1 Nxg3 38.Kxg3 Rf3+ 39.Kh2 Qh4 40.Kg1 Rxh3  0-1

[Event "Yerevan zt"]
[Site "Yerevan"]
[Date "1982.??.??"]
[Round "7"]
[White "Vaganian, Rafael A"]
[Black "Giorgadze, Tamaz"]
[Result "1/2-1/2"]
[WhiteElo "2550"]
[BlackElo "2500"]

1.Nf3 d5 2.d4 Nf6 3.c4 e6 4.Nc3 Be7 5.Bg5 h6 6.Bh4 O-O 7.Rc1 b6 8.e3 Bb7
9.Bxf6 Bxf6 10.cxd5 exd5 11.Be2 c6 12.O-O Nd7 13.b4 a6 14.a4 b5 15.a5 Be7
16.Qb3 Bd6 17.Na2 Re8 18.Rc2 Rc8 19.Nc1 Qf6 20.Nd3 Re7 21.Rfc1 g5 22.g3 Qg6
23.Qc3 Rce8 24.Qd2 Bb8 25.Qd1 Rf8 26.Nfe1 f5 27.Bh5 Qe6 28.Ng2 Rc8 29.h3 Bd6
30.Bf3 Nf6 31.Nc5 Bxc5 32.Rxc5 Rf8 33.R5c2 Qd6 34.Rb2 h5 35.h4 g4 36.Be2 Ne4
37.Qe1 Rh7 38.Bd3 Qd7 39.Nf4 Rh6 40.Rbc2 Nd6 41.Qd2 Ne4 42.Qe1 Nd6 43.f3 Kh8
44.Qf2 Rg8 45.Kh2 gxf3 46.Qxf3 Ne4 47.Rg1 Qe8 48.Bf1 Bc8 49.Nd3 Nf6 50.Bh3 Ng4+
51.Bxg4 Rxg4 52.Ne5 Re4 53.Rgc1 Bd7 54.Kg2 Kg7 55.Kf2 Qc8 56.Rc5 Qc7 57.R1c3 Kg8
58.Qd1 Kh7 59.Qc2 Rxe5 60.dxe5 Rg6 61.Qd1 Rg4 62.Rb3 Qxe5 63.Qf3 Kg6 64.Rc1 Qd6
65.Rd1 Rxb4 66.Rxb4 Qxb4 67.Qf4 Qxf4+ 68.gxf4 Kf6 69.Rg1 Be6 70.Ke2 c5 71.Rc1 c4
72.Kd2 b4 73.Rb1 b3 74.Kc3 Bf7 75.Rg1 Bg6 76.Rg2 Bf7 77.Rg5 Bg6 78.e4 fxe4
79.Rxd5 e3 80.Re5 Bd3 81.Rxe3 Kf5 82.Rg3 Kxf4 83.Rg2 Ke3 84.Rg5 b2 85.Kxb2 Kd2
86.Rc5  1/2-1/2

[Event "Yerevan zt"]
[Site "Yerevan"]
[Date "1982.??.??"]
[Round "15"]
[White "Vaganian, Rafael A"]
[Black "Dolmatov, Sergey"]
[Result "0-1"]
[WhiteElo "2550"]
[BlackElo "2590"]

1.d4 d5 2.c4 c6 3.Nf3 Nf6 4.Nc3 e6 5.Bg5 h6 6.Bxf6 Qxf6 7.e3 Bd6 8.Bd3 dxc4
9.Bxc4 Nd7 10.O-O Qe7 11.e4 e5 12.d5 Nb6 13.Bb3 O-O 14.dxc6 bxc6 15.Nh4 Rd8
16.Qh5 Be6 17.Nf5 Qf6 18.Bxe6 Qxe6 19.Rad1 Bc5 20.Qh4 Rxd1 21.Rxd1 Kh7 22.h3 Re8
23.Rd3 Bf8 24.b3 g6 25.Rd6 Qc8 26.Qf6 Qb7 27.Rd8 Rxd8 28.Qxd8 Qc8 29.Qxc8 Nxc8
30.Ne3 Nb6 31.Kf1 Kg7 32.Ke2 h5 33.Kd3 Kf6 34.Nc4 Ke6 35.Nxb6 axb6 36.a4 Bc5
37.f3 h4 38.Kc4 Kd7 39.b4 Bd4 40.Nb1 Bf2 41.b5 Be1 42.Na3 Kd6 43.Nb1 Ba5
44.bxc6 Kxc6 45.Na3 Be1 46.Nc2 Bd2 47.Na1 Bg5 48.Nb3 Be3 49.Na1 Bg5 50.Nb3 Be3
51.Na1 Bg5 52.Nc2 Bd2 53.Kd3 Bg5 54.Kc3 b5 55.a5 Be7 56.f4 exf4 57.Nd4+ Kc5
58.a6 b4+ 59.Kb3 Kb6 60.a7 Kb7 61.Nc6 Bf8 62.Nd8+ Kxa7 63.Nxf7 Kb8 64.Kc4 Kc8
65.Ng5 Be7 66.Ne6 g5 67.Nd4 Kc7 68.Nf5 Bf8 69.Nd4 Kb7 70.Nf3 Be7 71.Nd4 Kb6
72.Nf5 Bf8 73.Nd4 Ka5 74.Kb3 Bg7 75.e5 Bf8 76.e6 Kb6 77.Kc4 Kc7 78.Nf5 Kd8
79.Kb3 Ke8 80.Kc4 Be7 81.Nd4 Kf8 82.Nf3 Kg7 83.Nd2 Kf6 84.Kd5 Kf5 85.Nb3 g4
86.Nd4+ Kg5 87.hxg4 b3  0-1

[Event "Lvov"]
[Site "Lvov"]
[Date "1984.??.??"]
[Round "5"]
[White "Sahovic, Dragutin"]
[Black "Vaganian, Rafael A"]
[Result "1/2-1/2"]
[WhiteElo "2425"]
[BlackElo "2630"]

1.d4 Nf6 2.c4 g6 3.Nc3 d5 4.Nf3 Bg7 5.Bg5 Ne4 6.Bh4 c5 7.e3 cxd4 8.exd4 Nc6
9.cxd5 Nxc3 10.bxc3 Qxd5 11.Be2 Qa5 12.O-O e6 13.Qb3 O-O 14.Rab1 b6 15.Bb5 Bb7
16.Rfd1 Rfc8 17.Nd2 a6 18.Bd3 b5 19.Be4 Qc7 20.Bg3 Qe7 21.a4 Na5 22.Qb2 Nc4
23.Nxc4 Bxe4 24.Nd6 Bxb1 25.Nxc8 Rxc8 26.Rxb1 bxa4 27.Ra1 Qd7 28.Qb4 Bf8
29.Qxa4 Qxa4 30.Rxa4 Rxc3 31.Kf1 Rc6 32.Ke2 Bd6 33.Bxd6 Rxd6 34.Rb4 Kg7 35.Ke3 a5
36.Ra4 Rd5 37.Rc4 g5 38.Rc7 h5 39.Ra7 g4 40.Ke4 Kf6 41.Ra6 Rf5 42.Ke3 Rb5
43.Ra7 Kg6 44.Kf4 f5 45.Ra6 Kf6 46.h4 Rb4 47.Ke3 Rb3+ 48.Kf4 Rd3 49.Rxa5 Rxd4+
50.Ke3 Re4+ 51.Kd2 Rb4 52.Ke2 Rb2+ 53.Kf1 Rb1+ 54.Ke2 f4 55.Rxh5 Rg1 56.g3 f3+
57.Kd3 e5 58.Rg5 Rd1+ 59.Ke4 Re1+ 60.Kd5 Rd1+ 61.Ke4 Rd4+ 62.Ke3 Ra4 63.Rg8 Kf7
64.Rg5 Ke6 65.h5 Ra3+ 66.Ke4 Ra4+ 67.Ke3  1/2-1/2

[Event "Lvov"]
[Site "Lvov"]
[Date "1984.??.??"]
[Round "9"]
[White "Giorgadze, Tamaz"]
[Black "Vaganian, Rafael A"]
[Result "1/2-1/2"]
[WhiteElo "2495"]
[BlackElo "2630"]

1.c4 Nf6 2.Nc3 e5 3.g3 d5 4.cxd5 Nxd5 5.Bg2 Nb6 6.Nf3 Nc6 7.O-O Be7 8.d3 O-O
9.a4 a5 10.Nb5 Bg4 11.Be3 Nd5 12.Qc1 Qd7 13.Bc5 Rfe8 14.Bxe7 Rxe7 15.Re1 Ncb4
16.Nc3 c6 17.Na2 Nxa2 18.Rxa2 Nb4 19.Ra1 Bxf3 20.Bxf3 Qd4 21.Rd1 Rd8 22.Qc3 f5
23.Rac1 Red7 24.Qb3+ Kh8 25.Rf1 Re7 26.Bg2 Qd6 27.Qc4 Qd4 28.Qb3 g6 29.Rc4 Qd6
30.Qc3 Kg7 31.Qc1 Qf6 32.Bf3 Rde8 33.Rd1 Rd8 34.Rf1 Red7 35.Qe3 Rd4 36.Rc5 Nd5
37.Bxd5 R8xd5 38.Rxd5 Rxd5 39.Qb6 Qe7 40.Rc1 e4 41.dxe4  1/2-1/2

[Event "Lvov"]
[Site "Lvov"]
[Date "1984.??.??"]
[Round "13"]
[White "Vaganian, Rafael A"]
[Black "Malaniuk, Vladimir P"]
[Result "1/2-1/2"]
[WhiteElo "2630"]
[BlackElo "2485"]

1.d4 d5 2.c4 Bf5 3.Nc3 e6 4.Nf3 c6 5.Bf4 Nf6 6.e3 Bd6 7.Bxd6 Qxd6 8.Bd3 Bxd3
9.Qxd3 Nbd7 10.O-O O-O 11.e4 dxe4 12.Nxe4 Nxe4 13.Qxe4 Nf6 14.Qe3 Rad8 15.Rad1 h6
16.Qe5 Qxe5 17.Nxe5 Nd7 18.Nf3 Nf6 19.Ne5 Nd7 20.Nf3 Nf6  1/2-1/2

[Event "Leningrad"]
[Site "Leningrad"]
[Date "1987.??.??"]
[Round "?"]
[White "Sokolov, Andrei"]
[Black "Vaganian, Rafael A"]
[Result "1/2-1/2"]
[WhiteElo "2645"]
[BlackElo "2590"]

1.e4 e6 2.d4 d5 3.Nd2 c5 4.exd5 exd5 5.Ngf3 Nc6 6.Bb5 Bd6 7.dxc5 Bxc5 8.O-O Ne7
9.Nb3 Bd6 10.Re1 O-O 11.Bd3 h6 12.h3 Nf5 13.c3 Bc7 14.Bc2 Qd6 15.Qd3 g6 16.g4 Bb6
17.Kg2  1/2-1/2

[Event "Leningrad"]
[Site "Leningrad"]
[Date "1987.??.??"]
[Round "?"]
[White "Torre, Eugenio"]
[Black "Vaganian, Rafael A"]
[Result "1/2-1/2"]
[WhiteElo "2540"]
[BlackElo "2590"]

1.d4 Nf6 2.Nf3 g6 3.c3 Bg7 4.Bg5 d5 5.Nbd2 O-O 6.e3 Nbd7 7.b4 Qe8 8.Bf4 c6
9.Bd3 Ng4 10.Be2 e5 11.Bg3 f5 12.dxe5 Ndxe5 13.Nd4 g5 14.Bxe5 Nxe5 15.O-O Kh8
16.N2f3 Nxf3+ 17.Bxf3 a5 18.a3 Bd7 19.Qc2 g4 20.Be2 f4 21.exf4 Rxf4 22.g3 Rf6
23.Rae1 Qf7 24.f3 gxf3 25.Bxf3 axb4 26.axb4 Re8 27.Rxe8+ Qxe8 28.Qe2 Rf8
29.Bh5 Qxe2 30.Rxf8+ Bxf8 31.Bxe2 Bh6 32.Nb3 Be3+ 33.Kf1 Kg7 34.Bd3 h6 35.Ke2 Bg1
36.Kf1 Ba7 37.Nd4 Kf6 38.Ke2 Bg4+ 39.Kd2 Ke5 40.Ke3 Bh3 41.Be2 Bf5 42.Bf1 Bb6
43.Be2 Be4 44.Bg4 c5 45.bxc5 Bxc5 46.Be2 Bb1 47.Bb5 Ba7 48.h3  1/2-1/2

[Event "Marseille"]
[Site "Marseille"]
[Date "1987.??.??"]
[Round "?"]
[White "Sharif, Mershad"]
[Black "Vaganian, Rafael A"]
[Result "1/2-1/2"]
[WhiteElo "2440"]
[BlackElo "2595"]

1.e4 e6 2.d4 d5 3.Nd2 c5 4.exd5 exd5 5.Ngf3 Nc6 6.Bb5 Bd6 7.dxc5 Bxc5 8.O-O Ne7
9.Nb3 Bd6 10.Re1 O-O 11.Bg5 Bg4 12.Be2 Re8 13.c3 h6 14.Bh4 Qb6 15.Nfd4 Bxe2
16.Rxe2 Nxd4 17.Nxd4 Nc6 18.Nf5 Bf8 19.Nxh6+  1/2-1/2

[Event "Marseille"]
[Site "Marseille"]
[Date "1987.??.??"]
[Round "?"]
[White "Todorcevic, Miodrag"]
[Black "Vaganian, Rafael A"]
[Result "1/2-1/2"]
[WhiteElo "2475"]
[BlackElo "2595"]

1.Nf3 Nf6 2.g3 d5 3.Bg2 c6 4.d3 Bg4 5.Nbd2 Nbd7 6.h3 Bh5 7.O-O e5 8.e4 dxe4
9.dxe4 Bc5 10.b3 O-O 11.Bb2 Re8 12.a4 b5 13.Qe2 Qb6 14.g4 Bg6 15.Ne1 Bb4
16.c3 Bd6 17.Nd3 Nc5 18.Nxc5 Bxc5 19.b4 Bf8 20.Nb3 a6 21.Bc1 Qc7 22.h4 h6
23.h5 Bh7 24.g5 hxg5 25.Bxg5 Be7 26.Rfd1 Red8 27.Nc5 Rxd1+ 28.Rxd1 bxa4 29.Bxf6 Bxc5
30.bxc5 gxf6 31.Qa2 Kh8 32.Qxa4 Rg8 33.Rd3 a5 34.Rg3 Rb8 35.Qd1 Qe7 36.Qf3 a4
37.c4 Rb3 38.Qg4 Rxg3 39.Qxg3 Qxc5 40.Qf3 f5 41.Qd1 Qd4 42.Qxa4 f4 43.Qa8+ Kg7
44.h6+ Kxh6 45.Qxc6+ Kg5 46.Qd5 Qa1+ 47.Kh2 f6 48.Qd7 Bg6 49.Bf3 Qa2 50.Qg4+ Kh6
51.Qh3+ Kg7 52.Qd7+ Bf7 53.Qg4+ Kf8 54.Qc8+  1/2-1/2

[Event "Marseille"]
[Site "Marseille"]
[Date "1987.??.??"]
[Round "?"]
[White "Agdestein, Simen"]
[Black "Vaganian, Rafael A"]
[Result "1/2-1/2"]
[WhiteElo "2565"]
[BlackElo "2595"]

1.d4 Nf6 2.Nf3 e6 3.c4 d5 4.Nc3 Be7 5.Bg5 O-O 6.e3 h6 7.Bxf6 Bxf6 8.Qd2 c6
9.Bd3 Nd7 10.O-O Re8 11.Rad1 a6 12.Rfe1 dxc4 13.Bxc4 b5 14.Bd3 c5 15.Bb1 Qe7
16.dxc5 Nxc5 17.b4 Nd7 18.Ne4 Nf8 19.Nxf6+ Qxf6 20.Be4 Ra7 21.Qd4 Qxd4 22.Nxd4 Bd7
23.Nb3 f5 24.Bf3 Kf7 25.Rd6 Rc8 26.Nc5 a5 27.a3 axb4 28.axb4 Be8 29.e4 Ke7
30.Red1 fxe4 31.Bxe4 Ra2 32.Rb6 Rb2 33.Rb7+ Kf6 34.Nd3 Rb3 35.Re1 Rcc3 36.Nc1 Ra3
37.Kf1 Ng6 38.Rb8 Bd7 39.f3 Ne5 40.Ne2 Rcb3 41.Nd4 Rb2 42.f4 Nd3 43.Bxd3 Rxd3
44.Nf3 Bc6 45.Ne5 Bxg2+ 46.Kg1 Rdd2 47.Rf8+ Ke7 48.Rf7+ Kd8 49.Rc1 Be4 50.Rf8+ Ke7
51.Rf7+ Ke8 52.Rxg7 Rg2+ 53.Rxg2 Rxg2+ 54.Kf1 Rb2 55.Rc8+ Ke7 56.Rc7+ Kd8
57.Rd7+ Kc8 58.Rd4 Bb7 59.h4 Rh2 60.Ng6 Kc7 61.Nf8 Bc8 62.Ng6 Bb7 63.Nf8 Bc8
64.Ng6  1/2-1/2

[Event "Moscow TV"]
[Site "Moscow"]
[Date "1987.??.??"]
[Round "?"]
[White "Vaganian, Rafael A"]
[Black "Sokolov, Andrei"]
[Result "1/2-1/2"]
[WhiteElo "2590"]
[BlackElo "2645"]

1.Nf3 c5 2.c4 Nf6 3.Nc3 Nc6 4.g3 d5 5.cxd5 Nxd5 6.Bg2 Nc7 7.a3 g6 8.d3 Bg7
9.O-O O-O 10.Bd2 b6 11.Rc1 Bb7 12.Qa4 Nd4 13.Nxd4 Bxg2 14.Kxg2 Bxd4 15.Bh6 Re8
16.Rfd1 Ne6 17.e3 Bh8 18.Qe4 Qd7 19.g4 Red8 20.h3 Rac8 21.Rc2 Rc6 22.Ne2 Rd6
23.Rcd2 Bf6 24.f4 Bg7 25.Bxg7 Nxg7 26.d4 Ne8 27.Qf3 cxd4 28.Rxd4 Qb5 29.R1d2 Qc5
30.Rxd6 Nxd6 31.Nc3 Rc8 32.Rd5 Qc6 33.Rd4 Kf8 34.Qxc6 Rxc6 35.Kf3 Ke8 36.Ke2 Nc4
37.Nd1 b5 38.Kd3 a6 39.a4 Nd6 40.axb5 Nxb5 41.Rc4 Rd6+ 42.Ke2 Kd7 43.Nf2 Rc6
44.Kd3 Nd6 45.Ra4 Rb6 46.Nd1 Nb5 47.Nf2 Nd6  1/2-1/2

[Event "Copenhagen op"]
[Site "Copenhagen"]
[Date "1988.??.??"]
[Round "?"]
[White "Ernst, Thomas"]
[Black "Vaganian, Rafael A"]
[Result "0-1"]
[WhiteElo "2455"]
[BlackElo "2625"]

1.e4 e6 2.d4 d5 3.Nd2 c5 4.exd5 exd5 5.Bb5+ Nc6 6.Ngf3 Bd6 7.dxc5 Bxc5 8.O-O Ne7
9.Nb3 Bd6 10.c3 O-O 11.Re1 h6 12.h3 Nf5 13.Bd3 Qf6 14.Bc2 Be6 15.Qd3 Rfe8
16.Bd2 g6 17.Qb5 Nh4 18.Nxh4 Qxh4 19.Qxb7 Bxh3 20.Re3 Bxg2 21.Kxg2 Qh2+ 22.Kf1 Bg3
23.fxg3 Qh1+ 24.Ke2 Qh5+ 25.g4 Qxg4+ 26.Kf2 Qf4+ 27.Kg2 Qg4+ 28.Rg3 Re2+
29.Kf1 Qxg3 30.Qxa8+ Kg7 31.Bxh6+ Kxh6 32.Qh8+ Kg5 33.Kxe2 Qg2+ 34.Ke1 Kf4
35.Nd2 Kg5 36.Bd3 Qg3+ 37.Ke2 Ne5 38.Rg1 Qxg1 39.Qxe5+ Kh6 40.Qe3+  0-1

[Event "Esbjerg"]
[Site "Esbjerg"]
[Date "1988.??.??"]
[Round "?"]
[White "Hellers, Ferdinand"]
[Black "Vaganian, Rafael A"]
[Result "1/2-1/2"]
[WhiteElo "2490"]
[BlackElo "2595"]

1.e4 e6 2.d4 d5 3.Nd2 c5 4.exd5 exd5 5.Bb5+ Nc6 6.Ngf3 Bd6 7.dxc5 Bxc5 8.O-O Ne7
9.Nb3 Bd6 10.Re1 O-O 11.Bg5 Bg4 12.Be2 h6 13.Bh4 Re8 14.h3 Bh5 15.Nfd4 Bxe2
16.Rxe2 Qb6 17.Bxe7 Bxe7 18.Nf5 Bf6 19.c3 Re6 20.Qc2 Rxe2 21.Qxe2 a5 22.Rd1 a4
23.Nbd4 Nxd4 24.Nxd4 a3 25.bxa3 Qc5 26.Nb5 Bxc3 27.Nxc3  1/2-1/2

[Event "URS-chT"]
[Site "Naberezhnie Chelni"]
[Date "1988.??.??"]
[Round "?"]
[White "Bagirov, Vladimir"]
[Black "Vaganian, Rafael A"]
[Result "1/2-1/2"]
[WhiteElo "2465"]
[BlackElo "2595"]

1.d4 Nf6 2.c4 e6 3.Nc3 d5 4.cxd5 exd5 5.Bg5 c6 6.e3 Bf5 7.Qf3 Be6 8.Bxf6 Qxf6
9.Qxf6 gxf6 10.Bd3 Nd7 11.Nf3 Nb6 12.O-O-O Nc8 13.e4 Nb6 14.Rhe1  1/2-1/2

[Event "EU-chT"]
[Site "Haifa"]
[Date "1989.??.??"]
[Round "5"]
[White "Vaganian, Rafael A"]
[Black "Lobron, Eric"]
[Result "1-0"]
[WhiteElo "2585"]
[BlackElo "2585"]

1.Nf3 Nf6 2.c4 e6 3.Nc3 d5 4.d4 Be7 5.Bg5 h6 6.Bh4 O-O 7.e3 b6 8.Be2 Bb7
9.Bxf6 Bxf6 10.cxd5 exd5 11.O-O Nc6 12.Rc1 a6 13.Ne1 Ne7 14.Nd3 Rb8 15.b4 Nf5
16.a4 Re8 17.b5 a5 18.Bg4 Nd6 19.Qc2 Re7 20.Bf3 Ne4 21.Qa2 Nd6 22.g3 Ne8
23.Qc2 g5 24.Rfd1 Ng7 25.Bg4  1-0

[Event "EU-chT"]
[Site "Haifa"]
[Date "1989.??.??"]
[Round "9"]
[White "Vaganian, Rafael A"]
[Black "Donchev, Dimitar I"]
[Result "0-1"]
[WhiteElo "2585"]
[BlackElo "2520"]

1.c4 Nf6 2.Nf3 g6 3.Nc3 d5 4.cxd5 Nxd5 5.e4 Nxc3 6.dxc3 Qxd1+ 7.Kxd1 f6 8.e5 Nc6
9.exf6 exf6 10.Bb5 Be6 11.Be3 O-O-O+ 12.Ke2 Bd5 13.Rhd1 a6 14.Bd3 Bg7 15.Kf1 f5
16.Be2 h6 17.h4 Bf6 18.h5 g5 19.Nd4 Nxd4 20.Bxd4 Bxd4 21.Rxd4 c5 22.Rdd1 Kc7
23.b4 Bf7 24.bxc5 Rxd1+ 25.Bxd1 Rd8 26.Bb3 Bxh5 27.f3 Rd3 28.Re1 Rxc3 29.Re7+ Kc6
30.Rh7 Kxc5  0-1

[Event "Moscow op"]
[Site "Moscow"]
[Date "1990.??.??"]
[Round "?"]
[White "Ionov, Sergey"]
[Black "Vaganian, Rafael A"]
[Result "1/2-1/2"]
[WhiteElo "2370"]
[BlackElo "2630"]

1.d4 Nf6 2.c4 e6 3.Nc3 d5 4.cxd5 exd5 5.Bg5 c6 6.e3 Bf5 7.Qf3 Be6 8.Bxf6 Qxf6
9.Qxf6 gxf6 10.Nf3 Nd7 11.Bd3 Nb6 12.O-O-O Nc8 13.Ne2 Nd6 14.Ng3 h5 15.Nh4 O-O-O
16.Rdf1 Be7 17.Ngf5 Nxf5 18.Nxf5 Bb4 19.g3 Kc7 20.Kb1 Rdg8 21.Rc1 Bxf5  1/2-1/2

[Event "Moscow op"]
[Site "Moscow"]
[Date "1990.??.??"]
[Round "?"]
[White "Tal, Mihail"]
[Black "Vaganian, Rafael A"]
[Result "1/2-1/2"]
[WhiteElo "2580"]
[BlackElo "2630"]

1.d4 Nf6 2.c4 e6 3.Nf3 d5 4.Nc3 Be7 5.Bg5 h6 6.Bh4 O-O 7.e3 b6 8.Bd3 Bb7
9.O-O Nbd7 10.Qc2 c5 11.Rfd1 Ne4 12.Bg3 Ndf6 13.Rac1 cxd4 14.Nxd4 Nxg3 15.hxg3 Rc8
16.Nf3 Bd6 17.e4  1/2-1/2

[Event "Moscow op"]
[Site "Moscow"]
[Date "1990.??.??"]
[Round "?"]
[White "Vaganian, Rafael A"]
[Black "Savon, Vladimir A"]
[Result "1/2-1/2"]
[WhiteElo "2630"]
[BlackElo "2455"]

1.Nf3 Nf6 2.c4 b6 3.g3 Bb7 4.Bg2 e6 5.O-O Be7 6.Nc3 O-O 7.Re1 d5 8.cxd5 Nxd5
9.e4 Nxc3 10.bxc3 c5 11.d4 cxd4 12.cxd4 Nc6 13.Rb1 Rc8 14.Bf4 Bd6 15.Bd2 Re8
16.Bc3 Bf8 17.Qd2 Qd6 18.Rbd1 h6 19.h4 Qa3 20.Rb1 Ne5 21.Rb3 Nc4 22.Qe2 Qa4
23.g4 Na5 24.Bxa5 Qxa5  1/2-1/2

[Event "Moscow op"]
[Site "Moscow"]
[Date "1990.??.??"]
[Round "?"]
[White "Vaganian, Rafael A"]
[Black "Korneev, S."]
[Result "1-0"]
[WhiteElo "2630"]
[BlackElo "2280"]

1.Nf3 Nf6 2.c4 e6 3.Nc3 Bb4 4.Qc2 O-O 5.a3 Bxc3 6.Qxc3 b6 7.b4 a5 8.Bb2 axb4
9.axb4 Rxa1+ 10.Bxa1 Qe7 11.e3 Na6 12.b5 Nc5 13.Be2 Bb7 14.O-O Nce4 15.Qc2 Ne8
16.Ne5 f5 17.f3 Ng5 18.Bc3 d6 19.Nc6 Bxc6 20.bxc6 Nf7 21.f4 h6 22.Bf3 Nf6
23.Ra1 Kh7 24.Ra7 Rg8 25.Qb2 Qd8 26.Bd4 Kg6 27.Bxf6 gxf6 28.Qa2 Re8 29.Qa6 d5
30.cxd5 e5 31.Qe2 Re7 32.Bh5+ Kg7 33.Qf3 Nd6 34.Qg3+ Kh8 35.Qh4 Kg7 36.fxe5 Rxe5
37.Qg3+ Kh8 38.Qg6 f4 39.Qxh6+ Kg8 40.Bg6 fxe3  1-0

[Event "Toronto1"]
[Site "Toronto"]
[Date "1990.??.??"]
[Round "5"]
[White "Kovacevic, Vlatko"]
[Black "Vaganian, Rafael A"]
[Result "0-1"]
[WhiteElo "2540"]
[BlackElo "2605"]

1.c4 e6 2.Nf3 Nf6 3.g3 d5 4.Bg2 dxc4 5.Qa4+ Nbd7 6.Qxc4 c5 7.O-O b6 8.b4 cxb4
9.Nd4 Nd5 10.Bxd5 exd5 11.Qxd5 Rb8 12.Bb2 Bb7 13.Nc6 Be7 14.Qe4 Bxc6 15.Qxc6 O-O
16.a3 Rc8 17.Qf3 a5 18.axb4 Bxb4 19.Bc3 Bxc3 20.Nxc3 Ne5 21.Qd5 Nc6 22.Rfb1 Nb4
23.Qxd8 Rfxd8 24.Rb2 g5 25.Rab1 Rd4 26.Na2 Nd5 27.h3 Kg7 28.f3 f5 29.Kf2 f4
30.gxf4 gxf4 31.Rg1+ Kf7 32.Rg5 Rc5 33.Ke1 Ra4 34.Rf5+ Ke6 35.Rh5 b5 36.Rxh7 b4
37.Kf2 b3 38.Rh6+ Ke5 39.Rh5+ Kd4 40.e3+ fxe3+ 41.dxe3+ Nxe3 42.Rd2+ Kc4
43.Rxc5+ Kxc5 44.Nc1 Nc4 45.Nxb3+ Kb4 46.Rd3 Nb2  0-1

[Event "Toronto1"]
[Site "Toronto"]
[Date "1990.??.??"]
[Round "7"]
[White "Hebert, Jean"]
[Black "Vaganian, Rafael A"]
[Result "1/2-1/2"]
[WhiteElo "2405"]
[BlackElo "2605"]

1.d4 Nf6 2.c4 e6 3.Nc3 Bb4 4.e3 c5 5.Ne2 cxd4 6.exd4 O-O 7.a3 Be7 8.g3 d5
9.cxd5 Nxd5 10.Bg2 Nc6 11.O-O Nxc3 12.bxc3 Na5 13.Rb1 Bd7 14.c4 Nxc4 15.Rxb7 Na5
16.Rb1 Rb8 17.Rxb8 Qxb8 18.d5 e5 19.f4 Re8 20.Kh1 Bf6 21.f5 Rc8 22.Qe1 Nb3
23.Be3 Nd4 24.Nxd4 exd4 25.Bf4 Qb3 26.Qa5 Qa4 27.Qxa4 Bxa4 28.d6 h6 29.Be4 Re8
30.Bd3 Rc8 31.Rb1 a5 32.Kg1 Bg5 33.Bxg5 hxg5 34.Bb5 Rb8 35.d7 Bxb5 36.Rxb5 Rd8
37.Rd5 Kf8 38.Kf2 Ke7 39.Ke2 Rxd7 40.Rxd7+ Kxd7 41.Kd3 Kc6 42.Kxd4 g4 43.Kc4 Kb6
44.Kd5 Kb5 45.Kd6 Ka4 46.Ke7 Kxa3 47.Kxf7 a4 48.Kxg7 Kb3 49.f6 a3 50.f7 a2
51.f8=Q a1=Q+ 52.Qf6 Qd1 53.Qe6+ Kb4 54.Qb6+ Kc4 55.Qf2 Kd3 56.Kg6 Qf3 57.Qb2 Qd5
58.Qf2 Qf3 59.Qa2 Qe4+ 60.Kg5 Qe5+ 61.Kxg4 Qe4+ 62.Kg5  1/2-1/2

[Event "Toronto1"]
[Site "Toronto"]
[Date "1990.??.??"]
[Round "10"]
[White "Vaganian, Rafael A"]
[Black "Kozul, Zdenko"]
[Result "1-0"]
[WhiteElo "2605"]
[BlackElo "2575"]

1.Nf3 Nf6 2.c4 g6 3.g3 Bg7 4.Bg2 d5 5.cxd5 O-O 6.Nc3 Nxd5 7.O-O Nc6 8.d4 Nb6
9.e3 Re8 10.Ne1 e5 11.d5 Na5 12.Nc2 c6 13.b4 Nac4 14.dxc6 e4 15.Nd4 f5 16.Qb3 bxc6
17.Rd1 Qf6 18.Bf1 Qf7 19.Na4 Ne5 20.Bb2 Rb8 21.Qc2 Nxa4 22.Qxa4 Bd7 23.Qxa7 Rxb4
24.Ba3 Rbb8 25.Bd6 Ra8 26.Qc5 Ra4 27.Rab1 Qd5 28.Qxd5+ cxd5 29.Rb7 Rd8 30.Be7 Rda8
31.Bd6 Rd8 32.Bc7 Bc8 33.Rb8 Rf8 34.Bd6 Nd7 35.Bb5 Nxb8 36.Bxa4 Bd7 37.Bxd7 Nxd7
38.Bxf8  1-0

[Event "Moscow4"]
[Site "Moscow"]
[Date "1991.??.??"]
[Round "?"]
[White "Beckmann, K."]
[Black "Vaganian, Rafael A"]
[Result "1/2-1/2"]
[WhiteElo "2255"]
[BlackElo "2585"]

1.d4 Nf6 2.Nf3 g6 3.c4 c5 4.Nc3 cxd4 5.Nxd4 Bg7 6.g3 Nc6 7.Bg2 Ng4 8.e3 Nge5
9.Qe2 d6 10.h3 Bd7 11.Bd2 O-O 12.Rc1 Re8 13.Nc2 Be6 14.b3 Qa5 15.Nd4 Bd7
16.O-O Rac8 17.Rfd1 a6 18.Kh2 h5 19.Be1 Nxd4 20.exd4 Nc6 21.d5 Nd4 22.Rxd4 Bxd4
23.Nb5 Qb6 24.Nxd4 Qxd4 25.Bc3 Qc5 26.Qd2 Kh7 27.Qf4 Rf8 28.g4 e5 29.Qf6 Qc7
30.gxh5 Bf5 31.f4 Qd8 32.hxg6+ fxg6 33.Qxd8 Rfxd8 34.fxe5 dxe5 35.Bxe5 Re8
36.Bf4 Re2 37.Kg3 Rxa2 38.Re1 g5 39.Bxg5 Kg6 40.h4 b5 41.Bf3 bxc4 42.Kf4 Rf2
43.h5+ Kf7 44.Bh4 Rxf3+ 45.Kxf3 cxb3 46.Re7+ Kg8 47.Rb7 Rc4 48.Bf6 Be4+ 49.Kg3 Bxd5  1/2-1/2

[Event "Porz op26"]
[Site "Porz"]
[Date "1991.??.??"]
[Round "3"]
[White "Goy, Udo"]
[Black "Vaganian, Rafael A"]
[Result "0-1"]
[WhiteElo "2225"]
[BlackElo "2585"]

1.d4 Nf6 2.Nf3 c5 3.c3 g6 4.g3 b6 5.Bg2 Bb7 6.O-O Bg7 7.dxc5 bxc5 8.Be3 d6
9.Na3 O-O 10.Qa4 Nbd7 11.Rad1 Rb8 12.Bc1 Be4 13.Rfe1 Qc8 14.Ng5 Nb6 15.Qa5 Bxg2
16.Kxg2 Qc6+ 17.Kg1 Rb7 18.Qa6 Rfb8 19.Nc4 Rc7 20.b3 h6 21.Nf3 Ne4 22.Na5 Qa8
23.Bb2 Na4 24.bxa4 Rxb2 25.Nc4 Rc6  0-1

[Event "GER CupT"]
[Site "Germany"]
[Date "1992.??.??"]
[Round "?"]
[White "Vaganian, Rafael A"]
[Black "Sperlich, Olaf"]
[Result "1-0"]
[WhiteElo "2590"]
[BlackElo "2245"]

1.Nf3 g6 2.g3 Bg7 3.Bg2 d6 4.c4 e5 5.Nc3 f5 6.d3 Nf6 7.O-O O-O 8.Rb1 a5 9.a3 Nh5
10.Bg5 Qe8 11.Nd5 Rf7 12.Bd2 h6 13.b4 axb4 14.axb4 f4 15.b5 Bg4 16.Bc3 Qc8
17.b6 c6 18.Nc7 Ra2 19.Re1 fxg3 20.fxg3 e4 21.Nd4 Bh3 22.Rf1 Bxg2 23.Rxf7 Bxd4+
24.Bxd4 Kxf7 25.Kxg2 Qg4 26.Qf1+ Kg8 27.Rb2 Rxb2 28.Bxb2 Nd7 29.Qf2 g5 30.h3 Nf4+
31.Qxf4 Qxe2+ 32.Qf2 exd3 33.Qxe2 dxe2 34.Kf2 Nxb6 35.c5 dxc5 36.Ne6 c4 37.Nc5 Nd5
38.Nxb7 c3 39.Bc1 Nb4 40.Kxe2 Na2 41.Ba3 c2 42.Kd2 c1=Q+ 43.Bxc1 Nb4 44.Ba3 Nd5
45.Nd8 h5 46.Nxc6 Nf6 47.Ke3 h4 48.gxh4 gxh4 49.Be7 Nd5+ 50.Ke4 Nc3+ 51.Kf5 Ne2
52.Bxh4 Ng1 53.Kg4  1-0

[Event "NED-chT"]
[Site "NED"]
[Date "1992.??.??"]
[Round "?"]
[White "Vaganian, Rafael A"]
[Black "Brenninkmeijer, Joris"]
[Result "0-1"]
[WhiteElo "2590"]
[BlackElo "2500"]

1.Nf3 Nf6 2.g3 d5 3.Bg2 c6 4.O-O Bg4 5.d3 Nbd7 6.Nbd2 e5 7.e4 dxe4 8.dxe4 Bc5
9.a4 a5 10.c3 O-O 11.Qc2 Re8 12.Nc4 b5 13.Ne3 Bh5 14.Nh4 Bf8 15.h3 bxa4 16.g4 Bg6
17.Rd1 Qc7 18.Nxg6 hxg6 19.Rxa4 Nc5 20.Ra2 Rad8 21.Rxd8 Rxd8 22.Nc4 Qd7 23.Be3 Qe6
24.Qe2 Nb3 25.Ra4 Nd7 26.Qd1 Nbc5 27.Bxc5 Bxc5 28.Nxa5 Bb6 29.Qf1 Nc5 30.Ra1 Bxa5
31.Rxa5 Qb3 32.Kh2 Nd3 33.Qa1 Qc2 34.Ra8 Rxa8 35.Qxa8+ Kh7 36.Qa7 f6 37.Kg3 c5
38.Qa6 Qxf2+ 39.Kh2 Nf4 40.Qf1 Qxb2 41.c4 Qc2 42.g5 f5 43.Kg3 fxe4  0-1